[Event "GER-ch U10 Girls"]
[Site "Willingen"]
[Date "2024.05.22"]
[Round "7"]
[White "Hendler, Felicitas"]
[Black "Tadic, Lena"]
[Result "1/2-1/2"]
[WhiteElo "1645"]
[BlackElo "980"]
[PlyCount "40"]
[EventDate "2024.05.19"]
[EventType "swiss"]
[EventRounds "11"]
[EventCountry "GER"]
[SourceTitle "CBM 220 Extra"]
[Source "ChessBase"]
[SourceDate "2024.07.31"]
[SourceVersion "1"]
[SourceVersionDate "2024.07.31"]
[SourceQuality "1"]

1. e4 c6 2. d4 d5 3. exd5 cxd5 4. c4 Nf6 5. Nc3 Bf5 6. Qb3 Qb6 7. Qxb6 axb6 8. Nxd5 Nxd5 9. cxd5 Be4 10. Bb5+ Nd7 11. Bxd7+ Kxd7 12. Nf3 f6 13. Bf4 Bxd5 14. 0-0 Rxa2 15. Rxa2 Bxa2 16. Rc1 Ke6 17. Rc7 Bd5 18. Nd2 Kf5 19. Bg3 e5 20. dxe5 fxe5 1/2-1/2

[Event "GER-ch U10 Girls"]
[Site "Willingen"]
[Date "2024.05.22"]
[Round "6"]
[White "Tadic, Lena"]
[Black "Rhein, Linnea"]
[Result "1-0"]
[WhiteElo "980"]
[BlackElo "1133"]
[PlyCount "99"]
[EventDate "2024.05.19"]
[EventType "swiss"]
[EventRounds "11"]
[EventCountry "GER"]
[SourceTitle "CBM 220 Extra"]
[Source "ChessBase"]
[SourceDate "2024.07.31"]
[SourceVersion "1"]
[SourceVersionDate "2024.07.31"]
[SourceQuality "1"]

1. e3 e5 2. d4 exd4 3. exd4 d5 4. Nf3 Nf6 5. c4 c6 6. Bd3 Be7 7. Nc3 Bg4 8. h3 Bxf3 9. Qxf3 0-0 10. 0-0 Nbd7 11. cxd5 cxd5 12. Nxd5 Nxd5 13. Qxd5 Rb8 14. Re1 Re8 15. Bf4 Nf6 16. Qxd8 Rbxd8 17. Bb5 Bb4 18. Rxe8+ Nxe8 19. Bxe8 Rxe8 20. a3 Be7 21. Re1 Kf8 22. d5 Rd8 23. Rd1 Bd6 24. Be3 a6 25. f4 f5 26. Kf2 Kf7 27. g4 fxg4 28. hxg4 g6 29. Ke2 h5 30. gxh5 gxh5 31. Kf3 Rg8 32. Rg1 Rxg1 33. Bxg1 Kf6 34. Ke4 b5 35. Bd4+ Kg6 36. Be5 Be7 37. Bc7 Bf6 38. d6 Bxb2 39. d7 Bf6 40. d8Q Bxd8 41. Bxd8 Kh6 42. Ke5 a5 43. Bxa5 h4 44. Ke4 Kh5 45. Be1 Kg4 46. Bxh4 Kxh4 47. f5 Kh5 48. Ke5 Kh6 49. Ke6 Kg7 50. Ke7 1-0

[Event "GER-ch U10 Girls"]
[Site "Willingen"]
[Date "2024.05.19"]
[Round "2"]
[White "Elsayed Esam, Sally"]
[Black "Tadic, Lena"]
[Result "1-0"]
[WhiteElo "1581"]
[BlackElo "980"]
[PlyCount "65"]
[EventDate "2024.05.19"]
[EventType "swiss"]
[EventRounds "11"]
[EventCountry "GER"]
[SourceTitle "CBM 220 Extra"]
[Source "ChessBase"]
[SourceDate "2024.07.31"]
[SourceVersion "1"]
[SourceVersionDate "2024.07.31"]
[SourceQuality "1"]

1. d4 Nf6 2. Bf4 g6 3. Nf3 Bg7 4. e3 0-0 5. Bd3 d6 6. 0-0 Nbd7 7. Nbd2 b6 8. e4 Nh5 9. Bg5 f6 10. Be3 e5 11. c3 c5 12. dxc5 bxc5 13. Nc4 Nb6 14. Qe2 Be6 15. Rad1 Nf4 16. Bxf4 exf4 17. Rd2 d5 18. Nxb6 axb6 19. exd5 Bc8 20. b4 cxb4 21. cxb4 Re8 22. Qd1 Qxd5 23. Bxg6 Qb7 24. Bxe8 Bg4 25. Rd8 Bxf3 26. Bc6+ Rxd8 27. Qxd8+ Bf8 28. Bxb7 Bxb7 29. Re1 Bc6 30. Qxf6 Bxb4 31. Qxc6 Bxe1 32. Qe8+ Kg7 33. Qxe1 1-0